|
|
|
|
| LEADER |
01178nam a2200385 4500 |
| 001 |
DLU060056466 |
| 005 |
##19950913115143.4 |
| 008 |
##950525s1994 si a b 001 0 eng d |
| 010 |
# |
# |
|a 95166790
|
| 020 |
# |
# |
|a 9810220464
|
| 035 |
# |
# |
|9 (DLC) 95166790
|
| 035 |
# |
# |
|a (OCoLC)32534456
|
| 040 |
# |
# |
|a DBS
|c DBS
|d DLC
|
| 042 |
# |
# |
|a lccopycat
|
| 082 |
# |
# |
|a 006.42
|b Doc
|
| 245 |
# |
# |
|a Document image analysis /
|c edited by H. Bunke, P.S.P. Wang, H.S. Baird.
|
| 260 |
# |
# |
|a Singapore ;
|a River Edge, NJ :
|b World Scientific,
|c c1994.
|
| 300 |
# |
# |
|a 272 p. :
|b ill. ;
|c 26 cm.
|
| 440 |
# |
# |
|a Series in machine perception and artificial intelligence ;
|v vol. 16
|
| 504 |
# |
# |
|a Includes bibliographical references and index.
|
| 650 |
# |
# |
|a Image processing
|x Digital techniques.
|
| 650 |
# |
# |
|a Optical character recognition devices.
|
| 700 |
# |
# |
|a Baird, Henry S.
|
| 700 |
# |
# |
|a Bunke, Horst.
|
| 700 |
# |
# |
|a Wang, Patrick S-P.
|q (Patrick Shen-pei)
|
| 923 |
# |
# |
|a 26/2006
|
| 992 |
# |
# |
|a 10900
|
| 994 |
# |
# |
|a DLU
|
| 900 |
# |
# |
|a True
|
| 911 |
# |
# |
|a Thái Thị Thanh Thủy
|
| 925 |
# |
# |
|a G
|
| 926 |
# |
# |
|a A
|
| 927 |
# |
# |
|a SH
|
| 980 |
# |
# |
|a Thư viện Trường Đại học Đà Lạt
|